Luận về giai thoại

Dẫn luận việc nghiên cứu giai thoại, vấn đề đặt ra. Hệ thống giai thoại được nhìn nhận. Nghệ thuật, nội dung và đặc điểm của giai thoại. Vị trí của giai thoại. Đóng góp của giai thoại.

Uloženo v:
Podrobná bibliografie
Hlavní autor: Triều Nguyên
Médium: Kniha
Jazyk:Vietnamese
Vydáno: H. Hội nhà văn 2016
Témata:
Tagy: Přidat tag
Žádné tagy, Buďte první, kdo otaguje tento záznam!
Thư viện lưu trữ: Mạng thư viện Đại học Đà Nẵng
LEADER 01274nam a2200313 4500
001 000024847
003 21336
005 20170223090239.0
008 170221s2016 viesd
041 0 |a vie 
082 1 4 |a 398.209597  |b TR-N 
100 1 |a Triều Nguyên 
245 1 0 |a Luận về giai thoại  |c Triều Nguyên sưu tầm và nghiên cứu 
260 |a H.  |b Hội nhà văn  |c 2016 
300 |a 420 tr.  |c 21 cm. 
520 3 |a Dẫn luận việc nghiên cứu giai thoại, vấn đề đặt ra. Hệ thống giai thoại được nhìn nhận. Nghệ thuật, nội dung và đặc điểm của giai thoại. Vị trí của giai thoại. Đóng góp của giai thoại. 
650 0 4 |a Văn học dân gian  |x Giai thoại  |z Việt Nam 
653 |a Giai thoại 
653 |a Văn hóa dân gian 
OWN |a LSP 
AVA |a UDN50  |b LSP  |d 398.209597 TR-N  |e available  |t Error 5001 Not defined in file expand_doc_bib_avail.  |f 1  |g 0  |h N  |i 0  |k 1 
999 |a From the UDN01 
AVA |a UDN50  |b LSP  |d 398.209597 TR-N  |e available  |t Error 5001 Not defined in file expand_doc_bib_avail.  |f 1  |g 0  |h N  |i 0  |k 1 
TYP |a Monograph 
TYP |a Printed language 
980 |a Mạng thư viện Đại học Đà Nẵng